Spark: CD- R 700 MB/80 min 52 X Compact disc recordable

Wedi'i Gadw mewn:
Manylion Llyfryddiaeth
Fformat: Llyfr
Iaith:Undetermined
Pynciau:
Tagiau: Ychwanegu Tag
Dim Tagiau, Byddwch y cyntaf i dagio'r cofnod hwn!
Thư viện lưu trữ: Trung tâm Học liệu Trường Đại học Cần Thơ
LEADER 00404nam a2200133Ia 4500
001 CTU_117837
008 210402s9999 xx 000 0 und d
082 |a 005.133 
082 |b S736 
245 0 |a Spark: CD- R 700 MB/80 min 52 X 
245 0 |b Compact disc recordable 
650 |a programming languages ( electronic computers ) 
904 |i M.Loan 
980 |a Trung tâm Học liệu Trường Đại học Cần Thơ